Ochraňuj úsvit /

Pokračování fantasy románu Vzepři se noci.

Uloženo v:
Série:Vzepři se noci, část 2
Hlavní autor: Kemmerer, Brigid, 1978- (Autor)
Další autoři: Lüdtke Farnesi, Magdaléna, 1984- (Autor)
Médium: Kniha
Jazyk:Czech
Vydáno: V Praze : CooBoo, 2026
Vydání:1. vydání
Témata:
Celkem bylo vypůjčeno:0x
Příbuzné jednotky:Z cyklu:: Vzepři se noci
Tagy:
Žádné tagy
LEADER 02057nam a2200433 i 4500
001 106493
003 CZ PrNK
005 20260604162200.0
007 ta
008 260512s2026 xr g 000 f cze
015 |a cnb003756964 
020 |a 9788026742210  |q (brožováno) :  |c Kč 499,00 
040 |a ABG001  |b cze  |d OLA001  |e rda 
041 1 |a cze  |h eng 
072 7 |a 821.111(73)-3  |x Americká próza  |2 Konspekt  |9 25 
080 |a 821.111(73)-31  |2 MRF 
080 |a (0:82-312.9)  |2 MRF 
100 1 |a Kemmerer, Brigid,  |d 1978-  |7 ola20191030484  |4 aut  |9 109895 
240 1 0 |a Defend the dawn.  |l Česky 
245 1 0 |a Ochraňuj úsvit /  |c Brigid Kemmerer ; přeložila Magdaléna Stárková 
250 |a 1. vydání 
264 1 |a V Praze :  |b CooBoo,  |c 2026 
300 |a 484 stran ;  |c 20 cm 
336 |a text  |b txt  |2 rdacontent 
337 |a bez média  |b n  |2 rdamedia 
338 |a svazek  |b nc  |2 rdacarrier 
500 |a Přeloženo z angličtiny 
520 2 |a Pokračování fantasy románu Vzepři se noci.  |b Království Kandala se jen těsně vyhnulo katastrofě, ale napětí nepolevuje. Zatímco král Harristan hledá nový způsob vlády, Tessa a princ Corrick se snaží spojit rebely s královským dvorem. Když začne docházet život zachraňující elixír a z cizí říše přijde nečekaná nabídka, vydávají se na nebezpečnou cestu, která prověří jejich loajalitu, odvahu i křehké city. Může Kandalu zachránit něco jiného než revoluce? Nakladatelská anotace. 
655 7 |a americké romány  |7 fd131796  |2 czenas  |9 53403 
655 7 |a fantasy romány  |7 fd184199  |2 czenas  |9 54250 
655 9 |a American fiction  |2 eczenas 
655 9 |a fantasy novels  |2 eczenas 
700 1 |a Lüdtke Farnesi, Magdaléna,  |d 1984-  |7 xx0149406  |4 trl  |9 115879 
710 2 |a CooBoo (nakladatelství)  |7 xx0255713  |4 pbl  |9 117181 
787 0 8 |i Z cyklu:  |t Vzepři se noci  |g 2 
910 |a UOG502 
942 |2 ddc  |c KN 
999 |d 106493 
993 |0 0  |1 421180107213  |2 ddc  |4 0  |7 0  |9 99937  |b 0  |c 107213  |d 2026-06-04  |e 0  |f DOSP  |h 499.00  |i Koupě  |l DOSP  |r 2026-06-04  |t 6  |w 2026-06-04  |y KN  |z BELETM  |n